Indian geological terminology. (Record no. 27990)

MARC details
000 -LEADER
fixed length control field 00825cam a22002291 4500
001 - CONTROL NUMBER
control field gs 44000139
003 - CONTROL NUMBER IDENTIFIER
control field DLC
005 - DATE AND TIME OF LATEST TRANSACTION
control field 20260227111350.0
008 - FIXED-LENGTH DATA ELEMENTS--GENERAL INFORMATION
fixed length control field 851014s1913 ii b f000 0 eng c
010 ## - LIBRARY OF CONGRESS CONTROL NUMBER
LC control number gs 44000139
035 ## - SYSTEM CONTROL NUMBER
System control number (OCoLC)12673443
040 ## - CATALOGING SOURCE
Original cataloging agency U. S. Geol. Survey. Library
Transcribing agency TxHR
Modifying agency DLC
042 ## - AUTHENTICATION CODE
Authentication code premarc
050 00 - LIBRARY OF CONGRESS CALL NUMBER
Classification number QE295
Item number .A4 vol. 43, pt. 1
100 1# - MAIN ENTRY--PERSONAL NAME
Personal name Holland, Thomas Henry,
Titles and words associated with a name Sir,
Dates associated with a name 1868-
245 10 - TITLE STATEMENT
Title Indian geological terminology.
Statement of responsibility, etc. By Sir Thomas H. Holland and G. H. Tipper.
260 ## - PUBLICATION, DISTRIBUTION, ETC.
Place of publication, distribution, etc. Calcutta,
Name of publisher, distributor, etc. Office of the Geological Survey of India,
Date of publication, distribution, etc. 1913.
300 ## - PHYSICAL DESCRIPTION
Extent ii, 127, xxiii p.
Other physical details 5 maps (2 fold.)
Dimensions 27 cm.
440 #0 - SERIES STATEMENT/ADDED ENTRY--TITLE
Title Memoirs of the Geological Survey of India,
Volume/sequential designation vol. XLIII, pt. 1
650 #0 - SUBJECT ADDED ENTRY--TOPICAL TERM
Topical term or geographic name entry element Geology
Geographic subdivision India
General subdivision Nomenclature.
700 1# - ADDED ENTRY--PERSONAL NAME
Personal name Tipper, George Howlett,
Dates associated with a name 1881-
Relator term joint author.

No items available.

Powered by Koha